A booke of merrie riddles : Very meete and delightfull for youth to try their wits.

Bibliographic Details
Format: eBook
Language:English
Published: London : Printed [by N. Okes] for Robert Bird, and are to bee sold at his shoppe in Cheapside at the signe of the Bible, 1631.
Series:Early English books online.
Subjects:
Online Access:Connect to the full text of this electronic book

MARC

Tag First Indicator Second Indicator Subfields
LEADER 00000nam a2200000 4500
001 in00004211997
005 20200807080725.0
006 m g d
007 cr bn |||a|bb|
008 920210s1631 enk o 00| | eng d
035 |a (UnM)99849691 
037 |a CL0036000041  |b ProQuest. 789 E. Eisenhower Parkway, Ann Arbor, MI 48108-3218 
040 |a Cu-RivES  |c Cu-RivES  |d CStRLIN  |e dcrb  |d WaOLN 
245 1 2 |a A booke of merrie riddles :  |b Very meete and delightfull for youth to try their wits. 
260 |a London :  |b Printed [by N. Okes] for Robert Bird, and are to bee sold at his shoppe in Cheapside at the signe of the Bible,  |c 1631. 
300 |a 1 online resource ([24] pages) 
336 |a text  |b txt  |2 rdacontent 
337 |a computer  |b c  |2 rdamedia 
338 |a online resource  |b cr  |2 rdacarrier 
500 |a Printer's name from STC. 
500 |a A different collection from STC 3322.5, though a very few of the riddles are the same--STC. 
500 |a Last leaf blank. 
500 |a Signatures: A B⁴. 
500 |a Reproduction of the original in the Bodleian Library. 
510 4 |a STC (2nd edition)  |c 3324. 
533 |a Electronic reproduction.  |b Ann Arbor, Mich. :  |c UMI,  |d 1999-  |f (Early English books online)  |n Digital version of: (Early English books, 1475-1640 ; 1476:06)  |7 s1999 miun s 
650 0 |a Riddles  |v Early works to 1800. 
830 0 |a Early English books online. 
856 4 0 |u http://proxy.library.tamu.edu/login?url=https://search.proquest.com/docview/2248542209  |z Connect to the full text of this electronic book  |t 0 
999 f f |s 3b7e44ee-299a-38e1-bcec-f0fd3cb87221  |i 2fa5f1d1-f21f-387f-bb6d-8b0d27ae486e  |t 0 
952 f f |a Texas A&M University  |b College Station  |c Electronic Resources  |d Available Online  |t 0  |h No information provided 
998 f f |t 0  |l Available Online